Mlynářský. Valašský tanec.

Saved in:
Bibliographic Details
Main Author: Kos, B. (Composer)
Format: Book
Language:Slovak
Published: Praha, 1951.
Physical Description: 3 strany.
Tags: Add Tag
No Tags, Be the first to tag this record!

MARC

LEADER 00000nam a22000002i 4500
001 000625708
005 20200414140111.0
008 191119s1951 xo e 000 0 slo d
040 |a SVKKK  |b slo  |c SVKKK  |e rda 
100 1 |a Kos, B.  |4 cmp 
245 1 0 |a Mlynářský. Valašský tanec. 
264 1 |a Praha,  |c 1951. 
300 |a 3 strany. 
336 |a text  |b txt  |2 rdacontent 
337 |a bez média  |b n  |2 rdamedia 
338 |a zväzok  |b nc  |2 rdacarrier 
500 |a Záznam revízie 
910 |a svkkk 
998 |a BK 
090 |g SCKHL  |k Sklad Pribinova 3. posch.  |a V.5308  |j 74185  |i 2720872683  |s Prezenčne